Zkušenosti s léčbou preparátem ADVANTAN

Bibliographic Details
Main Author: Nevoralová, Zuzana (Author)
Format: Article
Language:Slovak
Czech
PhysicalDescription:Grafy
ISSN:1335-0013
Subjects:

MARC

LEADER 00000nab a2200000 a 4500
001 vtls008874940
003 SK-MaSNL
005 20260304150208.0
008 250505c xo 0 slo
015 |a SNBCL2005/5 
035 |a SLK036528 
035 |a urn:nbn:sk:snk-ab7223 
035 |a (uuid)2dc6e98f-3482-4cf6-a348-380344a0f0b6 
035 |a (urnnbn)urn:nbn:sk:snk:ar-a06n03 
035 |a (sysno)vtls008874940 
040 |a SNKBUCL  |b slo  |c SNKBUCL  |e AACR2 
041 0 |a cze  |b cze  |b eng 
044 |a xo  |c SK 
080 |a 616.5-085:615.262:615.35:577.171.7:615.454.1  |2 1981 
100 1 |a Nevoralová, Zuzana  |u Dermatovenerologické oddělení nemocnice, Jihlava  |4 aut  |9 1130070 
245 1 0 |a Zkušenosti s léčbou preparátem ADVANTAN  |c Z. Nevoralová 
246 1 0 |a The experience with ADVANTAN treatment 
246 1 1 |a The experience with ADVANTAN treatment 
300 |b Grafy 
504 |a Res. angl., čes. 
504 |a Bibliogr. odkazy 
650 0 7 |a choroby kožné  |x farmakoterapia  |2 MESH  |9 1074536 
650 0 7 |a hormóny kôry nadobličiek  |x účinky nežiadúce  |2 MESH  |9 1113026 
650 0 7 |a dermatologiká  |x použitie terapeutické  |2 MESH  |9 1470176 
650 0 7 |a aplikácia lokálna  |2 MESH  |9 1309218 
650 0 7 |a výsledok liečby  |2 MESH  |9 839245 
650 0 7 |a masti  |x použitie terapeutické  |2 MESH  |9 1430499 
773 0 |t Klinická imunológia a alergológia  |g Zv. 15 (v čsp. chybne zv. 14), č. 4 (2005), s. 5-7  |x 1335-0013 
850 |a Slovenská národná knižnica 
852 |a Slovenská národná knižnica 
954 |a odborná, vedecká literatúra cudzojazyčná (svetová)  |2 lita 
958 |a article2022 
958 |a OND 
958 |a EUIPO 
999 |c 2938092  |d 2940022